Bharatanatyam / (Record no. 54555)
[ view plain ]
| 000 -LEADER | |
|---|---|
| fixed length control field | 01314nam a22002657a 4500 |
| 005 - DATE AND TIME OF LATEST TRANSACTION | |
| control field | 2011072900430.0 |
| 020 ## - INTERNATIONAL STANDARD BOOK NUMBER | |
| Terms of availability | 245.00 |
| International Standard Book Number | 9788186685112 |
| 020 ## - INTERNATIONAL STANDARD BOOK NUMBER | |
| Terms of availability | 245.00 |
| International Standard Book Number | 8186685111 |
| 035 ## - SYSTEM CONTROL NUMBER | |
| System control number | EN-83984 |
| 037 ## - SOURCE OF ACQUISITION | |
| Source of stock number/acquisition | DBAD/PUB |
| 082 ## - DEWEY DECIMAL CLASSIFICATION NUMBER | |
| Classification number | 793.31954 |
| 100 ## - MAIN ENTRY--PERSONAL NAME | |
| Personal name | Prathibha Prahlad |
| 245 ## - TITLE STATEMENT | |
| Title | Bharatanatyam / |
| Statement of responsibility, etc | by Prathibha Prahlad ; Photograpes Avinash Pasricha |
| 260 ## - PUBLICATION, DISTRIBUTION, ETC. (IMPRINT) | |
| Place of publication, distribution, etc | New Delhi |
| Name of publisher, distributor, etc | Wisdom Tree |
| Date of publication, distribution, etc | 2008 |
| 270 ## - ADDRESS | |
| Address | 4779/23, Ansari Road, Darya Ganj |
| City | New Delhi |
| Postal code | 110002 |
| Telephone number | 23247966 |
| 300 ## - PHYSICAL DESCRIPTION | |
| Extent | 99p. |
| Dimensions | 16cm (Hb) |
| Other physical details | ill |
| 490 ## - SERIES STATEMENT | |
| Series statement | Dances of India ; Alka Raghuvanshi |
| -- | 30475 |
| 650 ## - SUBJECT ADDED ENTRY--TOPICAL TERM | |
| Topical term or geographic name as entry element | Dance |
| 650 ## - SUBJECT ADDED ENTRY--TOPICAL TERM | |
| Topical term or geographic name as entry element | India |
| 700 ## - ADDED ENTRY--PERSONAL NAME | |
| 9 (RLIN) | 13048 |
| Personal name | Pasricha, Avinash |
| 942 ## - ADDED ENTRY ELEMENTS (KOHA) | |
| Source of classification or shelving scheme | Dewey Decimal Classification |
| Item type | English Books |
| Classification part | 793.31954 |
| Call number suffix | PRA |
| Withdrawn status | Lost status | Not for loan | Collection code | Home library | Current library | Date acquired | Source of acquisition | Cost, normal purchase price | Full call number | Barcode | Copy number | Cost, replacement price | Koha item type |
|---|---|---|---|---|---|---|---|---|---|---|---|---|---|
| Non-fiction | Central Library | Central Library | 04/08/2011 | Allied/DE/2010/CR/0003015/31.3.11/293/24.3.11/191/31.3.11 | 245.00 | 793.31954 PRA | B-437474 | 1 | 245.00 | English Books | |||
| Non-fiction | Patel Nagar | Patel Nagar | 04/08/2011 | Allied/DE/2010/CR/0003015/31.3.11/293/24.3.11/191/31.3.11 | 245.00 | 793.31954 PRA | B-437476 | 1 | 245.00 | English Books | |||
| Non-fiction | Sarojini Nagar | Sarojini Nagar | 04/08/2011 | Allied/DE/2010/CR/0003015/31.3.11/293/24.3.11/191/31.3.11 | 245.00 | 793.31954 PRA | B-437475 | 1 | 245.00 | English Books |
